ბათუმის შოთა რუსთაველის სახელმწიფო უნივერსიტეტის ბიბლიოთეკა

ქართული გვარ-სახელები : (უზუნაძე) (ბიბ.ჩანაწერი № 51217)

000 -LEADER
fixed length control field 00939nam a2200253Ia 4500
001 - CONTROL NUMBER
control field 18177
003 - CONTROL NUMBER IDENTIFIER
control field GE_BSU
008 - FIXED-LENGTH DATA ELEMENTS--GENERAL INFORMATION
fixed length control field 181216s||||||||xx |||||||||||||| ||und||
040 ## - CATALOGING SOURCE
Transcribing agency GE_BSU
080 ## - UNIVERSAL DECIMAL CLASSIFICATION NUMBER
Universal Decimal Classification number 811.353.1'373.2 + 929.52(479.22)
100 ## - MAIN ENTRY--PERSONAL NAME
Personal name უზუნაძე, რევაზ
245 ## - TITLE STATEMENT
Title ქართული გვარ-სახელები : (უზუნაძე)
245 ## - TITLE STATEMENT
Statement of responsibility, etc. რედ. მერაბ მეგრელიშვილი
250 ## - EDITION STATEMENT
Edition statement მე-2 შევს. გამოც
260 ## - PUBLICATION, DISTRIBUTION, ETC.
Place of publication, distribution, etc. ბათუმი
260 ## - PUBLICATION, DISTRIBUTION, ETC.
Name of publisher, distributor, etc. შპს "GAMAprint"-ის სტ
260 ## - PUBLICATION, DISTRIBUTION, ETC.
Date of publication, distribution, etc. 2010
300 ## - PHYSICAL DESCRIPTION
Extent 56გვ.21სმ. ილ.
653 ## - INDEX TERM--UNCONTROLLED
Uncontrolled term ქართული გვარების ისტორია
653 ## - INDEX TERM--UNCONTROLLED
Uncontrolled term ქართული გვარ-სახელები
653 ## - INDEX TERM--UNCONTROLLED
Uncontrolled term ქართული გვარ-სახელები;
942 ## - ADDED ENTRY ELEMENTS (KOHA)
Koha item type წიგნი
ეგზემპლარები
Withdrawn status Lost status Damaged status Not for loan Date acquired Barcode Date last seen Price effective from Koha item type
        2018-12-17 46335 2018-12-17 2018-12-17 წიგნი
        2018-12-17 46336 2018-12-17 2018-12-17 წიგნი